Registered social landlords governed by public law (Record no. 118006)
[ view plain ]
| 000 -LEADER | |
|---|---|
| fixed length control field | 01163cam a2200217 4500 |
| 001 - CONTROL NUMBER | |
| control field | WB@3612-532 |
| 008 - FIXED-LENGTH DATA ELEMENTS--GENERAL INFORMATION | |
| fixed length control field | 040915n2004 000 0 eng u |
| 035 ## - SYSTEM CONTROL NUMBER | |
| System control number | (Sirsi) u127422 |
| 245 ## - TITLE STATEMENT | |
| Title | Registered social landlords governed by public law |
| 260 ## - PUBLICATION, DISTRIBUTION, ETC. | |
| Date of publication, distribution, etc. | 2004 |
| 490 ## - SERIES STATEMENT | |
| Series statement | ODPM News Release |
| Volume/sequential designation | (2004/0208) 10 September 2004 (3) |
| 520 ## - SUMMARY, ETC. | |
| Summary, etc. | The UK government has accepted that the European Commission is correct in its view that Registered Social Landlords are bodies governed by public law for the purposes of EC procurement law and therefore must comply with the requirements of the EC public procurement directives where these apply. The directives apply to a wide range of bodies in receipt of public funds and their purpose is to open up the public procurement market to better ensure the free movement of goods and services within the European Union. http://www.odpm.gov.uk/pns/DisplayPN.cgi?pn_id=200 4_0208 |
| 590 ## - LOCAL NOTE (RLIN) | |
| Local note | WB |
| 590 ## - LOCAL NOTE (RLIN) | |
| Local note | WB |
| 650 ## - SUBJECT ADDED ENTRY--TOPICAL TERM | |
| Topical term or geographic name entry element | REGISTERED SOCIAL LANDLORDS |
| 650 ## - SUBJECT ADDED ENTRY--TOPICAL TERM | |
| Topical term or geographic name entry element | HOUSING ASSOCIATIONS |
| 650 ## - SUBJECT ADDED ENTRY--TOPICAL TERM | |
| Topical term or geographic name entry element | PUBLIC PROCUREMENT |
| 650 ## - SUBJECT ADDED ENTRY--TOPICAL TERM | |
| Topical term or geographic name entry element | PROCUREMENT PROCEDURES |
| 690 ## - LOCAL SUBJECT ADDED ENTRY--TOPICAL TERM (OCLC, RLIN) | |
| Topical term or geographic name as entry element | HOUSING-SOCIAL HOUSING |
| 942 ## - ADDED ENTRY ELEMENTS (KOHA) | |
| Suppress in OPAC | 0 |
| Withdrawn status | Lost status | Source of classification or shelving scheme | Damaged status | Not for loan | Home library | Current library | Shelving location | Date acquired | Total Checkouts | Full call number | Barcode | Date last seen | Copy number | Price effective from | Koha item type |
|---|---|---|---|---|---|---|---|---|---|---|---|---|---|---|---|
| Dewey Decimal Classification | London | London | News article | 15/09/2004 | WB4035-10 | 127422-1001 | 06/08/2019 | 1 | 06/08/2019 | News article |